000 00967nam a2200193Ia 4500
001 dia_7067
008 220601s9999 xx 000 0 und d
090 _aF 408 1972
110 _aFAO
245 _aInforme sobre las actividades de ciertas organizaciones internacionales que se ocupan de la normalización de alimentos y materias afines
260 _aItalia : FAO : OMS
300 _a2 t.
505 _at.1. Parte I: Informe sobre las actividades del Consejo de EuropaParte II: Informe sobre las actividades de la Organización Árabe para la normalización y metrología en el campo de las normas alimentariast.2. Parte III: Informe sobre las actividades en la FAO y en la OMS de interés para la ComisiónParte IV: Exposición de la política de la ISO en el campo de los productos alimenticios agrícolasÌ
901 _aF 408 1972
902 _aM
905 _a0000001972 it 0000000000SPA00
942 _c12
999 _c209703
_d209703